Statistics for Kurdish Dialects

Click here to take the quiz!

General Stats

  • This quiz has been taken 21 times
  • The average score is 5 of 7

Answer Stats

Native nameClassificationDialect% Correct
ZazakîZaza-GoraniZazaki
100%
KurmancîKurdicKurmanji
93%
سۆرانیKurdicSorani
93%
گۆرانیZaza-GoraniGorani
87%
لەکیKurdicLaki
53%
شەبەکیZaza-GoraniShabaki
33%
کوردی خوارینKurdicFeyli
13%

Score Distribution

Percentile by Number Answered

Percent of People with Each Score

Your Score History

You have not taken this quiz